Medzinárodné vzťahy 2006 aktuálne otázky svetovej ekonomiky a politiky
Na minha lista:
| Corporate Authors: | , |
|---|---|
| Outros Autores: | , |
| Formato: | Livro |
| Idioma: | eslovaco polonês inglês tcheco |
| Publicado em: |
Bratislava
Vydavateľstvo EKONÓM
2007
|
| Assuntos: | |
| Tags: |
Sem tags, seja o primeiro a adicionar uma tag!
|
MARC
| LEADER | 00000nam$a2200000$$$4500 | ||
|---|---|---|---|
| 001 | 0059738 | ||
| 005 | 20240502071648.6 | ||
| 020 | |a 978-80-225-2353-0 | ||
| 041 | 0 | |a slo | |
| 041 | 0 | |a pol | |
| 041 | 0 | |a eng | |
| 041 | 0 | |a cze | |
| 044 | |a SK | ||
| 245 | 1 | 0 | |a Medzinárodné vzťahy 2006 |b aktuálne otázky svetovej ekonomiky a politiky |c zostavovateľ zborníka: Miloš Ondrušek, Tomáš Lichard |
| 264 | 1 | |a Bratislava |b Vydavateľstvo EKONÓM |c 2007 | |
| 300 | |a CD-ROM |e zborník abstraktov | ||
| 610 | 2 | 0 | |a vzťahy medzinárodné |
| 610 | 2 | 0 | |a politika svetová |
| 610 | 2 | 0 | |a hospodárstvo svetové |
| 610 | 2 | 0 | |a Slovensko |
| 610 | 2 | 0 | |a Európska únia |
| 610 | 2 | 0 | |a právo medzinárodné |
| 610 | 2 | 0 | |a organizácie medzinárodné |
| 610 | 2 | 0 | |a politika hospodárska medzinárodná |
| 700 | 1 | |a Ondrušek, Miloš | |
| 700 | 1 | |a Lichard, Tomáš | |
| 110 | 2 | |a Medzinárodné vzťahy 2006. Medzinárodná vedecká konferencia | |
| 710 | 2 | |a Ekonomická univerzita v Bratislave. Fakulta medzinárodných vzťahov | |